000 00821nab a2200253 u 4500
001 17146
003 HDC
007 cr bn ---aaaaa
008 210223c |r|noo 0 a d
040 _aHDC
100 _aGoh, De No,
_eauthor
_916507
245 0 _aEntrepreneurs invited to Ningxia halal fair /
_cby Goh De No
260 _aBrunei :
_bBrunei Times PLC,
_c2011
336 _atext
_2rdacontent
337 _acomputer
_2rdamedia
338 _aonline resource
_2rdacarrier
650 _aEntrepreneur
_91863
650 _aHalal fair
_910494
710 _aThe Brunei Times
856 _zRequest full-text at [email protected]
942 _2lcc
942 _cNEWS
942 _kNWSO 009310
999 _c14462
_d14462